000 00461nam a2200169Ia 4500
008 090711s9999 xx 000 0 und d
082 _b76933
100 _aकोटक वजु
245 _aप्रभातपुष्प
260 _c1992
300 _a271
600 _aकोटक वजु
630 _aप्रभातपुष्प
700 _aकोटक वजु
730 _aप्रभातपुष्प
942 _cBOOK
999 _c289249
_d289249